Membres de la Guilde SaberTooth ( Fairy Tail ) - Statistiques

Statistiques générales
  • Ce quiz a été pris 73 fois
  • Le résultat moyen est 8 sur 12
Statistiques - réponses
Par images Réponse % Correct
Sting
100%
Rog
98%
Yukino
90%
Frosh
89%
Minerva
87%
Sorano
82%
Lecter
71%
Rufus
69%
Orga
63%
Jienma
35%
Dobengal
23%
Fingers
10%
Aucun quiz correspondant
Distribution des résultats
% des personnes avec chaque résultat
Percentile par nombre de réponses
Votre historique - résultats
Vous n’avez pas pris ce quiz